<?xml version="1.0" encoding="UTF-8"?>
<marc:record xmlns:marc="http://www.loc.gov/MARC21/slim">
   <marc:leader>00000nam a2200000 a 4500</marc:leader>
   <marc:datafield ind1="1" ind2=" " tag="100">
      <marc:subfield code="a">Cornwell, Patricia</marc:subfield>
      <marc:subfield code="4">aut</marc:subfield>
      <marc:subfield code="e">Verfasser/-in</marc:subfield>
   </marc:datafield>
   <marc:datafield ind1="0" ind2="0" tag="245">
      <marc:subfield code="a">Body Farm</marc:subfield>
   </marc:datafield>
   <marc:datafield ind1="0" ind2="0" tag="245">
      <marc:subfield code="b">ein Kay-Scarpetta-Roman</marc:subfield>
   </marc:datafield>
   <marc:datafield ind1="0" ind2="0" tag="245">
      <marc:subfield code="c">Cornwell, Patricia</marc:subfield>
   </marc:datafield>
   <marc:datafield ind1=" " ind2="1" tag="264">
      <marc:subfield code="a">Hamburg</marc:subfield>
      <marc:subfield code="b">Hoffmann und Campe</marc:subfield>
      <marc:subfield code="c">2005</marc:subfield>
   </marc:datafield>
   <marc:datafield ind1="1" ind2=" " tag="520">
      <marc:subfield code="a">Quelle: Bücherschau (Büchereiservice des ÖGB) (http://www.buecherei.at/); &#xD;
Emily Steiner war elf Jahre alt, als sie an einem Sonntag im Oktober in ihr Tagebuch schrieb: "Ach bin ich glücklich" Sie hat kaum Zeit, um glücklich zu sein. Kurz nach diesem Tagebucheintrag wird sie tot aufgefunden. Der grausame Mord an der Elfjährigen schockiert die Kleinstadt Black Mountain in North Carolina. Kay Scarpetta, die mutige Gerichtspathologin geht ans Werk. Zunächst steht sie jedoch vor schier unlösbaren Rätseln. Doch dann deuten Spuren an der verstümmelten Leiche des Mädchens auf einen Täter hin, der aus Emilys engsten Umfeld stammen muss. Wurde Emily das Opfer einer Familientragödie?&#xD;
Immer wieder wird Scarpetta abgelenkt von der verschwiegenen Mutter des Mädchens, vom Selbstmord eines Polizisten, der an den Ermittlungen beteiligt war, von einem mysteriösen Anschlag auf ihre Nichte Lucy ... Die erfahrene Pathologin weiß, dass ihr jetzt nur noch die "Body Farm" helfen kann: ein forensisches Labor, das menschliche Verwesungsprozesse erforscht und schon schwierige Mordfälle aufgeklärt hat.&#xD;
Ein sauber durchkonstruierter Roman, genügend Spannung, um eine Lektüre bis tief in die Nacht zu rechtfertigen und jede Menge Aufregung in der "Body Farm", dem Spezialinstitut, in dem Scarpetta und Kollegen die Toten nach wunderbar gruseligen Indizien absuchen. Der Roman ist nicht neu. Er erschien erstmals vor zehn Jahren unter dem Titel "Das geheime ABC der Toten". Ein überaus spannender Krimi für alle, die das Buch noch nicht gelesen haben und denen bei der minutiösen Beschreibung von sezierten Leichen nicht die Knie weich werden ...&#xD;
Maria Lehner</marc:subfield>
   </marc:datafield>
   <marc:datafield ind1=" " ind2=" " tag="020">
      <marc:subfield code="a">9783455011012</marc:subfield>
      <marc:subfield code="9">9783455011012</marc:subfield>
   </marc:datafield>
   <marc:datafield ind1=" " ind2=" " tag="020">
      <marc:subfield code="a">3455011012</marc:subfield>
      <marc:subfield code="9">3455011012</marc:subfield>
   </marc:datafield>
   <marc:datafield ind1=" " ind2=" " tag="041">
      <marc:subfield code="a">ger</marc:subfield>
   </marc:datafield>
   <marc:datafield ind1=" " ind2=" " tag="338">
      <marc:subfield code="a">Band</marc:subfield>
   </marc:datafield>
   <marc:datafield ind1=" " ind2=" " tag="300">
      <marc:subfield code="a">348 S.</marc:subfield>
   </marc:datafield>
</marc:record>
